| 000 | 00857nam a2200241Ia 4500 | ||
|---|---|---|---|
| 003 | OSt | ||
| 005 | 20220923212440.0 | ||
| 006 | a|||||r|||| 00| 0 | ||
| 007 | ta | ||
| 008 | 220922b |||||||| |||| 00| 0 hin d | ||
| 024 | _a153,070 | ||
| 037 | _cTextual | ||
| 040 |
_aARTS _cARTS _bhin |
||
| 041 |
_2hin _ahin |
||
| 082 | _aO142,3M60,12, 152N0 | ||
| 100 |
_aचैखव, एण्टन पाब्लोविच _9162492 |
||
| 245 | 0 | _aतीन बहनेें, राजेन्द्र यादव अनु | |
| 246 | _aTīn bahaneean, rājendra yādav anu0 | ||
| 260 |
_aनई दिल्ली _b अक्षर प्रकाशन _c1990 |
||
| 300 |
_a127 पृ. _ccm. |
||
| 942 |
_hO142,3M60,12, 152N0 _cTEXL _2CC |
||
| 999 |
_c308718 _d308718 |
||